How are you praying?: (Record no. 8806)

000 -LEADER
fixed length control field 00700nam a2200217 a 4500
001 - CONTROL NUMBER
control field :::00006585$&:&@@
003 - CONTROL NUMBER IDENTIFIER
control field OkBaRHE
005 - DATE AND TIME OF LATEST TRANSACTION
control field 20100401150349.0
008 - FIXED-LENGTH DATA ELEMENTS--GENERAL INFORMATION
fixed length control field s1985 j 000 0 eng u
020 ## - INTERNATIONAL STANDARD BOOK NUMBER
International Standard Book Number 0310238412 (pbk.)
040 ## - CATALOGING SOURCE
Transcribing agency
100 1# - MAIN ENTRY--PERSONAL NAME
Personal name Demaray, Donald E.
245 10 - TITLE STATEMENT
Title How are you praying?:
Remainder of title a manual on the practice of prayer.
250 ## - EDITION STATEMENT
Edition statement Rev. ed.
260 ## - PUBLICATION, DISTRIBUTION, ETC. (IMPRINT)
Place of publication, distribution, etc Grand Rapids, MI., :
Name of publisher, distributor, etc Francis Asbury Press
Date of publication, distribution, etc c1985
300 ## - PHYSICAL DESCRIPTION
Extent 172 p. ;
Dimensions 21 cm.
650 ## - SUBJECT ADDED ENTRY--TOPICAL TERM
Topical term or geographic name as entry element Prayer
700 ## - ADDED ENTRY--PERSONAL NAME
Personal name Demaray, Donald E. Alive to God through prayer.
942 ## - ADDED ENTRY ELEMENTS (KOHA)
Source of classification or shelving scheme
Koha item type Books
Copies
Damaged status Shelving location Not for loan Source of classification or shelving scheme Permanent Location Withdrawn status Barcode Price effective from Current Location Full call number Date last seen Koha item type Copy number Date acquired Lost status
 General Stacks  RHEMA Bible Training College 65852010-04-14RHEMA Bible Training CollegeBV 210.2 .D43 19852010-04-14Books12010-04-14